| 000 | 01027aam a2200313 i 4500 | ||
|---|---|---|---|
| 001 | 768714001 | ||
| 003 | CO-MdFUSB | ||
| 005 | 20250910103036.0 | ||
| 007 | ta | ||
| 008 | 250910t2003 ck |||| |||| 00| 0 spa d | ||
| 040 | _cCO-MdFUSB | ||
| 041 | 0 | _aspa | |
| 082 | 0 | 4 |
_223 _a190 _bM912v |
| 100 | 1 |
_aMosquera Brand, Fernando A. (Abilio) _eautor |
|
| 245 | 1 | 0 |
_aUtopía y esperanza _c/ Fernando Abilio Mosquera Brand |
| 264 | 1 |
_bPublicaciones SBC, _aMedellín, Colombia : _c[2003] |
|
| 264 | 4 | _c©2003 | |
| 300 | _a80 páginas | ||
| 336 |
_atexto _btxt _2rdacontent |
||
| 337 |
_2rdamedia _asin mediación _bn |
||
| 338 |
_2rdacarrier _avolumen _bnc |
||
| 500 | _aPublicación institucional -- Incluye Fe de errata | ||
| 505 | _aHacia una comprensión de la utopía -- Construcción filosófica de la utopía -- La utopía en la revelación divina --¿Qué tipo de utopías debemos construir hoy en Colombia? | ||
| 563 | _aRústico | ||
| 653 | _aUtopía | ||
| 653 | _aEsperanza | ||
| 942 | _cBK | ||
| 945 | _aJTF-925 | ||
| 999 |
_c33117 _d33117 |
||